Parentesco y reproducción asistida : cuerpo, persona y relaciones /

Esta obra analiza las implicaciones éticas y de relación social de las técnicas de reproducción asistida en la sociedad, con especial énfasis en las relaciones de parentesco, dado que la fertilización in vitro hace posible la maternidad y la paternidad, pero también transforma las representaciones s...

Popoln opis

Shranjeno v:
Bibliografske podrobnosti
Drugi avtorji: Bestard Camps, Joan (autor) (autor)
Format: Knjiga
Jezik:španščina
Izdano: Barcelona, España : Universidad de Barcelona, Departamento de Antropología Cultural e Historia de América y Africa, 2003, c2003
Serija:(Estudios de Antropología Social y Cultural ; 9)
Teme:
Oznake: Označite
Brez oznak, prvi označite!

MARC

LEADER 00000nam^a2200000^a^4500
001 000177714
005 20250521000000.0
009 20260310101725.107
020 |a 84-475-2770-0 
037 |a Acervo ITESO - Biblioteca 
041 |a ESP 
082 |a 176.  |b PAR 
245 1 0 |a Parentesco y reproducción asistida :  |b cuerpo, persona y relaciones /  |c J. Bestard Camps... [et al.]. 
264 4 |a Barcelona, España :  |b Universidad de Barcelona, Departamento de Antropología Cultural e Historia de América y Africa,  |c 2003, c2003 
300 |a 123 p. 
336 |a texto  |b txt  |2 rdacontenido 
337 |a sin mediación  |b n  |2 rdamedio 
338 |a volumen  |b nc  |2 rdasoporte 
440 1 |a (Estudios de Antropología Social y Cultural ;  |v 9) 
520 |a Esta obra analiza las implicaciones éticas y de relación social de las técnicas de reproducción asistida en la sociedad, con especial énfasis en las relaciones de parentesco, dado que la fertilización in vitro hace posible la maternidad y la paternidad, pero también transforma las representaciones sociales clásicas de ser padres. 
649 |a XX 
650 |a Reproducción Asistida -  |x Aspectos Eticos 
650 |a Reproducción Asistida -  |x Aspectos Jurídicos 
650 |a Reproduccion Asistida -  |x Aspectos Sociales y Culturales 
650 |a Esterilidad 
650 |a Ingeniería Genética 
650 |a Etica Médica 
650 |a Relaciones Familiares 
650 |a Parentesco 
650 |a Bioética 
650 |a Etica 
700 |a Bestard Camps, Joan  |e (autor) 
910 |a Fondo General 
920 |a Impresos - Libros 
930 |a Colección General 
905 |a 101 
901 |a 0500116783  |b IT1  |c ACC  |u 20250521 
902 |a https://opac.biblio.iteso.mx/vufind/Record/000177714